000 01406nam0a22003131 4500
001 v19\rc\2098975
005 20250620103039.0
035 _a(NLR Aleph) 005280411
090 _a6092452
_c6092452
100 _a20090914d1810 |||y0rusy50 ca
101 0 _arus
102 _aRU
105 _ay z |||||
200 1 _aОписание Антониева Новогородскаго монастыря
210 _aМосква
_cВ Синодальной типографии
_d1810
215 _a[2], 154 с.
_d8° (20 см)
300 _aПовторно с того же набора напеч. в кн.: Амвросий (Орнатский). История российской иерархии. - М.: Синодальная типография, 1811. - Ч.3. - С.105-258
300 _aПодстроч. примеч. авт.
321 1 _aСК 1801-1825 160
700 0 _aАмвросий
_cОрнатский, Андрей Антипович
_f1778-1827
712 0 2 _aАнтониев-Римлянина мужской монастырь
_cНовгород
_9349397
_3RU\NLR\AUTH\889926848
790 1 _aОрнатский
_bА.А.
_f1778-1827
_gАндрей Антипович
801 0 _aRU
_bNLR
_c20090914
_gpsbo
801 1 _aRU
_bProSoft-M
_c20090914
_2rusmarc
801 2 _aRU
_bNLR
_c20100819
_2rusmarc
852 _aNLR
_j18.97.4.593
852 _aNLR
_j138/835
942 _cBOOK
980 _aNB